Регионална библиотека "Любен Каравелов" - Русе

Защо не броиш овце? (Запис номер 521317)

MARC детайли
000 -Лидер
Лидер 01119nam a2200277 a 4500
003 - Код на организацията, давaща контролен номер
Код на организацията, даваща контролен номер BLK
005 - Дата и час на последна редакция
Дата и час на последна редакция 20250507100635.0
008 - Елементи от данни с фиксирана дължина
Елементи с фиксирана дължина 241106b bu |||||r|||| 00| | bu d
020 ## - Международен стандартен номер на книга ISBN
ISBN 9786192351786
040 ## - Източник на каталожния запис
Код на библиотеката BLK
041 ## - Код за език
Език Български
Език за КДБФ Български
080 ## - УДК
УДК текст Новогръцка литература
УДК код 821.146
УДК – определител -93-32
УДК – код + определител 821.146-93-32
100 1# - Редна дума - Автор
R(LIN) 140111
Автор Цитас, Макис
245 ## - Сведения за заглавието
Заглавие Защо не броиш овце?
Авторска отговорност Макис Цитас ; ил. Йоргос Каракасоглу ; прев. от гр. Дарина Фелонова
257 ## - Страна на издаване
Страна на създаване/издаване Гърция
260 ## - Област на издателските данни
9 (RLIN) 218081
Място на издаване София
Име на издателя Светлана Янчева - Изида
Година на издаване 2024
Издателство - префикс ISBN 978-619-704-
300 ## - Физическа характеристика
Брой страници 32 с.
Илюстрации с ил.
Размер 21 см
380 ## - Жанр
Жанр Детска худож. лит.
500 ## - Общи забележки
Обща забележка Ориг. загл. на гр. ез.
700 ## - Други автори (авторска отговорност)
9 (RLIN) 495973
Друг автор Каракасоглу, Йоргос
700 ## - Други автори (авторска отговорност)
9 (RLIN) 480300
Друг автор Фелонова, Дарина Костадинова
852 ## - Местоположение
Отдел Детски отдел
Систематично-азбучна сигнатура 821-93/Ц 68 М
942 ## - АРТИКУЛИ
Вид на библиотечния документ Книги
Скрит в OPAC Не
Периодичен библиозапис Да
Koha issues (borrowed), all copies 17
944 ## - СЪЗДАВАНЕ И РЕДАКЦИЯ на ЗАПИСА
Създаване/Редакция
Дата на регистрацията/редакция Геновева Генчева
Служител, извършил регистрацията/редакцията 30551
Номер на служител Бояна Костадинова
999 ## - СИСТЕМНИ КОНТРОЛНИ НОМЕРА
Koha biblionumber 521317
Koha biblioitemnumber 521317
Наличности
Код за отписване Код за изгубен артикул Източник на класификационната схема Код за повреда Код за отдаване Артикулен № Име на библиотеката - собственик Име на библиотеката, в която се намира в момента Статус (Текущо местоположение) Дата на вписване в системата Местоположение - отдел Цена в лева Инвентарен номер Систематично азбучна сигнатура Баркод Цена в евро Служебен тип на артикула
  Не е изгубен Universal Decimal Classification Не е повреден заемане за дома 954152 Регионална библиотека "Любен Каравелов" Русе Регионална библиотека "Любен Каравелов" Русе Детски отдел 2024-11-07 Детски отдел 7.50 120000914860 821-93/Ц 68 М 120000914860 3.83 Книги
  Не е изгубен Universal Decimal Classification Не е повреден заемане за дома 954153 Регионална библиотека "Любен Каравелов" Русе Регионална библиотека "Любен Каравелов" Русе Детски отдел 2024-11-07 Детски отдел 7.50 120000914861 821-93/Ц 68 М 120000914861 3.83 Книги
Vip Innovations Ltd, Rousse, Bulgaria 2025